000 00993cam a2200217 4500
001 L137274
008 070327s2005 xxk f 000 0 eng d
020 _a1741071011
035 _a(Sirsi) u137274
041 0 _aeng
100 1 _aBest, Rick
245 0 0 _aInternational comparisons of construction industry performance
_bfurther investigations
_h[electronic resource]
260 _aBrisbane
_bQueensland University of Technology
_c2005
490 0 _aCOBRA
_v2005
520 _aReports that comparisons of construction performance over the past 50 years have been inconclusive due to the lack of a reliable method for comparing construction costs in different currencies. Discusses some new approaches, and assesses their potential.
651 4 _aInternational
690 _aBUILT ENVIRONMENT-BUILDING COSTS
700 1 _aLangston, Craig
856 4 0 _uhttps://www.rics.org/site/scripts/download_info.aspx?downloadID=2602
_zView the item free of charge at www.rics.org...
942 _n0
999 _c106710
_d106710